<?xml version="1.0" encoding="UTF-8"?>
<record
    xmlns:xsi="http://www.w3.org/2001/XMLSchema-instance"
    xsi:schemaLocation="http://www.loc.gov/MARC21/slim http://www.loc.gov/standards/marcxml/schema/MARC21slim.xsd"
    xmlns="http://www.loc.gov/MARC21/slim">

  <leader>01579nam a22001697a 4500</leader>
  <controlfield tag="008">120330t        xxu||||| |||| 00| 0 eng d</controlfield>
  <datafield tag="020" ind1=" " ind2=" ">
    <subfield code="a">0415052386</subfield>
  </datafield>
  <datafield tag="050" ind1=" " ind2=" ">
    <subfield code="a">HC79.T4 G655</subfield>
  </datafield>
  <datafield tag="100" ind1=" " ind2=" ">
    <subfield code="a">Gomulka, Stanislaw</subfield>
  </datafield>
  <datafield tag="245" ind1=" " ind2=" ">
    <subfield code="a">The theory of technological change and economic growth /</subfield>
    <subfield code="c">Stanislaw Gomulka,</subfield>
  </datafield>
  <datafield tag="260" ind1=" " ind2=" ">
    <subfield code="a">London:</subfield>
    <subfield code="b">Routledge,</subfield>
    <subfield code="c">c1990.</subfield>
  </datafield>
  <datafield tag="300" ind1=" " ind2=" ">
    <subfield code="a">ix, 256 p.:</subfield>
    <subfield code="b">ill;</subfield>
    <subfield code="c">21cm.</subfield>
  </datafield>
  <datafield tag="500" ind1=" " ind2=" ">
    <subfield code="a">Includes index.</subfield>
  </datafield>
  <datafield tag="505" ind1=" " ind2=" ">
    <subfield code="a">Contents: Microeconomics of invention, innovation, and diffusion -- Preliminary concepts and relations -- Inventive activity: Distinct characteristics of nature and size -- Major time trends and cross-sectional tendencies: Stylized facts -- Markets structure, rivalry, and innovation -- Behavioural and evolutionary versus neoclassical theory of technical choice and innovation -- Innovation diffusion: Theory and evidence -- The Behaviour of enterprises and innovation characteristics in centrally managed economies -- Macroeconomics of innovation, technology transfer, and growth -- Innovation biases, factor substitution, and the measurement of technological change: Definitions and theory -- Variation of innovation rates among countries and over time: The first hat-shape relationship -- 'Technological revolution' as an innovation superwave in the world technological frontier area -- Evidence and microeconomics of the international technology transfer -- Macrotheories and evidence of international technology transfer -- Innovation rate and change of economic systems: A Grand scenario.</subfield>
  </datafield>
  <datafield tag="650" ind1=" " ind2=" ">
    <subfield code="b">Economic development</subfield>
  </datafield>
  <datafield tag="942" ind1=" " ind2=" ">
    <subfield code="2">lcc</subfield>
    <subfield code="c">BK</subfield>
  </datafield>
  <datafield tag="999" ind1=" " ind2=" ">
    <subfield code="c">696</subfield>
    <subfield code="d">8196</subfield>
  </datafield>
  <datafield tag="952" ind1=" " ind2=" ">
    <subfield code="0">0</subfield>
    <subfield code="1">0</subfield>
    <subfield code="2">lcc</subfield>
    <subfield code="4">0</subfield>
    <subfield code="7">0</subfield>
    <subfield code="a">WIUC-1</subfield>
    <subfield code="b">WIUC-1</subfield>
    <subfield code="c">GEN</subfield>
    <subfield code="d">2012-03-30</subfield>
    <subfield code="l">0</subfield>
    <subfield code="o">HC79.T4G655</subfield>
    <subfield code="p">1747/12</subfield>
    <subfield code="r">2012-03-30 00:00:00</subfield>
    <subfield code="w">2012-03-30</subfield>
    <subfield code="y">BK</subfield>
  </datafield>
</record>
